Finite element analysis for engineering design

Gespeichert in:
Bibliographische Detailangaben
Format: Buch
Sprache:Englisch
Veröffentlicht: Berlin : Springer Verlag, 1988
Tags: Tag hinzufügen
Keine Tags, Fügen Sie das erste Tag hinzu!

MARC

LEADER 00000nam a22000003a 4500
001 stu29124
005 20150408181112.6
008 950601s1988----gw------------------eng-d
040 |a STU  |b slo 
041 0 |a eng 
044 |a gw 
080 |a 624/69 
245 |a Finite element analysis for engineering design 
260 |a Berlin :  |b Springer Verlag,  |c 1988 
300 |a 868 s 
996 |c V*36697/O-15357  |l VV1  |s P  |a 0  |w stu29124_0001